Dutch /

Saved in:
Bibliographic Details
Main Author: Bonnet, Theodore
Format: Book
Language:English
Published: London : Allen, 1956.
LEADER 00697nam a2200205 a 4500
001 c000089585
003 CARM
005 00000000000000.0
008 930415s1956 enk 00011 eng d
019 1 |a 9946344  |5 LACONCORD2021 
035 |a (OCoLC)16439291  |5 LACONCORD2021 
040 |a VLINC  |c VLINC 
100 1 |a Bonnet, Theodore. 
245 1 0 |a Dutch /  |c Theodore Bonnet. 
260 |a London :  |b Allen,  |c 1956. 
300 |a 384 p. ;  |c 21 cm. 
852 8 |b CARM  |h A2:AO18G0  |i A01226  |p 0116618  |f BK 
082 0 4 |a 823.914  |2 20 
999 f f |i c437eac6-a281-5457-8e5a-3a0bb808f02a  |s a9f748fe-5c74-578e-afac-a78c99598929 
952 f f |p Can circulate  |a CAVAL  |b CAVAL  |c CAVAL  |d CARM 1 Store  |e A01226  |f A2:AO18G0  |h Other scheme  |i book  |m 0116618